书目信息 |
| 题名: |
纳米摩擦学
|
|
| 作者: | 温诗铸 | |
| 分册: | ||
| 出版信息: | 北京 清华大学出版社 1998 |
|
| 页数: | 303页 | |
| 开本: | 20cm | |
| 丛书名: | ||
| 单 册: | ||
| 中图分类: | O313.5 | |
| 科图分类: | ||
| 主题词: | 理论力学 , 一般力学 | |
| 电子资源: | ||
| ISBN: | 7-302-02788-9 | |
| 000 | 00518nam0 2200193 450 | |
| 001 | 0735592734 | |
| 005 | 20070906095312.73 | |
| 010 | @a7-302-02788-9@b精装@d¥26.00 | |
| 100 | @a20070906d km y0chiy0120 ea | |
| 101 | 0 | @achi |
| 200 | 1 | @a纳米摩擦学@Ana mi mo ca xue@f温诗铸@Fwen shi zhu |
| 210 | @a北京@c清华大学出版社@d1998 | |
| 215 | @a303页@d20cm | |
| 606 | 0 | @a理论力学 |
| 606 | 0 | @a一般力学 |
| 690 | @aO313.5@v3 | |
| 701 | 0 | @a温诗铸@Awen shi zhu |
| 801 | 0 | @aCN@bPFT@c20070906 |
| 905 | @a213230@dO313.5@eP15@f1 | |
| 纳米摩擦学/温诗铸.-北京:清华大学出版社,1998 |
| 303页;20cm |
| ISBN 7-302-02788-9(精装):¥26.00 |
| ● |
| 相关链接 |
|
|
|
|
正题名:纳米摩擦学
索取号:O313.5/P15
 
预约/预借
| 序号 | 登录号 | 条形码 | 馆藏地/架位号 | 状态 | 备注 |
| 1 | 7200821 | 272008212 | 密集书库-物理学院/ [索取号:O313.5/P15] | 在馆 |